| 000 | 00435nam a22001457a 4500 | ||
|---|---|---|---|
| 082 |
_a642 _bBRI _cL-28, P-15 |
||
| 100 |
_aCentral office of information London _946249 |
||
| 245 | _aBritain an official book | ||
| 260 |
_aLondon _bCentral office of information _c1956 |
||
| 300 |
_aix, 477 p. _bill. |
||
| 526 |
_a0 _b0 _c0 _d642_000000000000000_BRI |
||
| 526 |
_a0 _b0 _c0 _d642_000000000000000_BRI |
||
| 650 |
_aMCE _9379 |
||
| 942 |
_2ddc _cBK |
||
| 999 |
_c549611 _d549611 |
||